Services and social media: methodology of evaluating Slovak market subjects in the services area from the view point of social media utilization

Saved in:
Bibliographic Details
Main Author: Olexová, Romana, 1987-
Format: Book Chapter
Language:English
Tags: Add Tag
No Tags, Be the first to tag this record!

MARC

LEADER 00000nla a2200000 4500
001 0180644
005 20221020085644.7
041 0 |a eng 
044 |a SK 
245 1 0 |a Services and social media: methodology of evaluating Slovak market subjects in the services area from the view point of social media utilization  |c Romana Olexová 
100 1 |a Olexová, Romana, 1987-